Normal view MARC view

Entry Personal Name

Number of records used in: 1

001 - CONTROL NUMBER

  • control field: 36343

003 - CONTROL NUMBER IDENTIFIER

  • control field: dpl

005 - DATE AND TIME OF LATEST TRANSACTION

  • control field: 20111130165635.0

008 - FIXED-LENGTH DATA ELEMENTS

  • fixed length control field: 111130|||a|||||| | ||| d

040 ## - CATALOGING SOURCE

  • Original cataloging agency: dpl
  • Transcribing agency: dpl

100 ## - HEADING--PERSONAL NAME

  • Personal name: Pons, Esteve Pujoli

670 ## - SOURCE DATA FOUND

  • Source citation: Work cat.: (dpl): Pons, Esteve Pujoli, The Big Book of Stories with values /, 2010

670 ## - SOURCE DATA FOUND

  • Source citation: Work cat.: (dpl): Pons, Esteve Pujoli, The Big Book of Stories with values /, 2010

© Delhi Public Library
Hit Counter
free hit counter